GREENHOUSE and nursery mechanization : a compilation of published papers
| Format: | Book |
|---|---|
| Published: |
St. Joseph, MI, :
American Society of Agriculture Engineers ,
1983
|
| Series: | ASAE publication 0183
|
| Subjects: |
MARC
| LEADER | 00000cam a2200000 7i4500 | ||
|---|---|---|---|
| 001 | 0000002267 | ||
| 005 | 20030422.0 | ||
| 090 | 0 | 0 | |a 635.982 |b GRE 1983 |
| 245 | 0 | 0 | |a GREENHOUSE and nursery mechanization : |b a compilation of published papers |
| 260 | 0 | 0 | |a St. Joseph, MI, : |b American Society of Agriculture Engineers , |c 1983 |
| 300 | |a 94 p. : |b ill. ; |c 28 cm. | ||
| 440 | 0 | 0 | |a ASAE publication 0183 |
| 650 | 0 | 0 | |a Greenhouse management |
| 650 | 0 | 0 | |a Nurseries (horticulture) |
| 998 | |a JPSM | ||
| 999 | |a 0000003988 |b Monograph |c Open Shelf |e Default branch | ||